000 00521nam a2200193Ia 4500
005 20250508150603.0
008 008 250505s9999 xx 000 0 eng d
037 _aTextual
040 _aFEDL
_beng
_cFEDL
041 _aeng
_2eng
084 _a370.4, STE
_qFEDL
100 _aSteiner Rudolf
245 0 _aLectures to teachers
260 _aLondon, UK
_bAnthroposophical Publishing Company
_c1923
300 _a95p.
650 _aEducation
942 _cTEXL
_h370.4, STE
999 _c1324418
_d1324418